000 00329nam a2200121Ia 4500
008 171205s9999 xx 000 0 und d
020 _a9780702054426
100 _aNaidoo, Jennie.
245 _cJennie Naidoo, Jane Wills
_aFoundations for Health Promotion
250 _a4th ed.
260 _bElsevier
_c2016
300 _a335 pages
999 _c347344
_d347344